[Event "Frankfurt Ch 2012"]
[Site "Ffm-Kalbach, LAZ"]
[Date "2012.05.21"]
[Round "4.25"]
[White "Orlinski, Wolfgang"]
[Black "Haftmann, Rainer"]
[Result "1-0"]
[WhiteElo "1985"]
[BlackElo "1845"]
[PlyCount "73"]
[EventDate "2012.??.??"]
[WhiteTeam "Sfr. Frankfurt 1921"]
[BlackTeam "SAbt SG 1945 Dietzenbach"]

1. d4 Nf6 2. Bf4 d5 3. e3 Bf5 4. Nf3 e6 5. Be2 Bd6 6. Ne5 O-O 7. g4 Bg6 8. h4
h6 9. Nc3 Bb4 10. Nxg6 fxg6 11. Qd3 Ne4 12. f3 Nxc3 13. bxc3 Bd6 14. Bxd6 cxd6
15. Qxg6 Rf6 16. Qd3 Rf8 17. Rb1 b6 18. f4 Qe8 19. g5 h5 20. g6 Rf5 21. Rg1 Nd7
22. Qb5 Qe7 23. Rg5 Nf6 24. Bd3 Ne4 25. Bxe4 dxe4 26. Qc6 Raf8 27. Qxe4 d5 28.
Qd3 Qa3 29. Kd2 Qxa2 30. Rbg1 a6 31. Qe2 Qc4 32. Qxh5 Rc8 33. Qh7+ Kf8 34. Qh8+
Ke7 35. Qxg7+ Kd8 36. Qf8+ Kc7 37. Qxc8+ 1-0

[Event "Frankfurt Ch 2012"]
[Site "Ffm-Kalbach, LAZ"]
[Date "2012.05.21"]
[Round "4.26"]
[White "Czech, Ludwig"]
[Black "Meiser, Nicolas"]
[Result "1/2-1/2"]
[WhiteElo "1961"]
[BlackElo "1839"]
[PlyCount "126"]
[EventDate "2012.??.??"]
[WhiteTeam "VSG 1880 Offenbach"]
[BlackTeam "SV Lahn Limburg"]

1. c4 c6 2. Nf3 Nf6 3. g3 d5 4. Bg2 e6 5. b3 Be7 6. Bb2 Nbd7 7. O-O O-O 8. Qc2
b6 9. Nc3 Bb7 10. d4 Re8 11. Rac1 Rc8 12. Qb1 Ba6 13. cxd5 cxd5 14. Rc2 Bb4 15.
a3 Bxc3 16. Bxc3 Bxe2 17. Rxe2 Rxc3 18. Rc1 Ne4 19. Ne1 Ndf6 20. f3 Rxc1 21.
Qxc1 Nd6 22. Bf1 Qb8 23. Rc2 Rc8 24. Bd3 Rxc2 25. Nxc2 Qc7 26. Qd2 Nd7 27. Qe1
a5 28. Kg2 Qc6 29. h4 Nb5 30. b4 axb4 31. Nxb4 Qc3 32. Qxc3 Nxc3 33. Kf2 e5 34.
Bf5 Nf6 35. dxe5 Ne8 36. Ke3 g6 37. Bd3 Nc7 38. Kd4 N7b5+ 39. Bxb5 Nxb5+ 40.
Kxd5 Nxa3 41. g4 Kf8 42. f4 Nb1 43. Kc6 Nc3 44. Kxb6 Ne2 45. Nd5 Ng3 46. Nf6
Ne2 47. Nd5 Ng3 48. Ne3 Ne2 49. Ng2 Ke7 50. Kc5 Ke6 51. Kc4 h5 52. gxh5 gxh5
53. Kd3 Ng3 54. Ne3 f6 55. Kd4 Ne2+ 56. Ke4 fxe5 57. fxe5 Nc3+ 58. Kf4 Ne2+ 59.
Kg5 Kxe5 60. Kxh5 Kf6 61. Kg4 Kg6 62. h5+ Kh7 63. Nf5 Nc3 1/2-1/2

[Event "Frankfurt Ch 2012"]
[Site "Ffm-Kalbach, LAZ"]
[Date "2012.05.21"]
[Round "4.27"]
[White "Kulenovic, Adnan"]
[Black "Roggensack, Hans Peter"]
[Result "0-1"]
[WhiteElo "1949"]
[BlackElo "1822"]
[PlyCount "110"]
[EventDate "2012.??.??"]
[WhiteTeam "SK Springer Rodenbach"]
[BlackTeam "Sfr. Frankfurt 1921"]

1. e4 e5 2. Nf3 Nf6 3. Nc3 Nc6 4. d4 exd4 5. Nd5 Be7 6. Bf4 d6 7. Bb5 O-O 8.
O-O Bg4 9. h3 Bxf3 10. Qxf3 Ne5 11. Qe2 a6 12. Nxe7+ Qxe7 13. Bd3 Nfd7 14. Bh2
Nc5 15. f4 Nexd3 16. cxd3 f5 17. e5 dxe5 18. fxe5 Ne6 19. Rac1 c5 20. Rc2 Rac8
21. Qf3 g6 22. Rfc1 Qd7 23. Bg3 Rc6 24. b4 Rfc8 25. Rf1 c4 26. dxc4 Rxc4 27.
Rd2 Rxb4 28. Be1 Rb1 29. Bh4 Rxf1+ 30. Qxf1 g5 31. Bg3 f4 32. Bf2 Rc5 33. Qe2
Rd5 34. h4 h6 35. Qh5 Kg7 36. Qe2 d3 37. Qe4 Nf8 38. h5 Kf7 39. Bb6 Ke6 40. Ba7
b5 41. Bf2 Rxe5 42. Qa8 Qd6 43. Qc8+ Kf7 44. Qc3 Rd5 45. Kh2 g4 46. Kg1 g3 47.
Ba7 Qe5 48. Qc1 Ne6 49. Rd1 Qxh5 50. Kf1 Qe2+ 51. Kg1 d2 52. Qb1 Rd3 53. a4 f3
54. gxf3 Qh2+ 55. Kf1 Rxf3+ 0-1

[Event "Frankfurt Ch 2012"]
[Site "Ffm-Kalbach, LAZ"]
[Date "2012.05.21"]
[Round "4.28"]
[White "Rutsatz, Mario"]
[Black "Cors, Heinz-Friedrich"]
[Result "0-1"]
[WhiteElo "1939"]
[BlackElo "1762"]
[PlyCount "56"]
[EventDate "2012.??.??"]
[WhiteTeam "Sfr. Frankfurt 1921"]
[BlackTeam "SV Schachforum Darmstadt 1994"]

1. d4 Nf6 2. c4 e6 3. Nf3 b6 4. a3 Bb7 5. Nc3 Be7 6. e3 d5 7. cxd5 exd5 8. Bb5+
c6 9. Bd3 O-O 10. Ne5 c5 11. O-O Nc6 12. Bc2 Re8 13. Qd3 Bf8 14. Ng4 g6 15.
Nxf6+ Qxf6 16. Nxd5 Qd8 17. dxc5 Ne5 18. Qe2 Qxd5 19. f4 Nc6 20. cxb6 Nd4 21.
Qd2 Nxc2 22. Qxc2 Rac8 23. Qe2 axb6 24. Rd1 Qe4 25. Bd2 Rc2 26. Rac1 Rxb2 27.
Rc4 Qd5 28. Rd4 Qxd4 0-1

[Event "Frankfurt Ch 2012"]
[Site "Ffm-Kalbach, LAZ"]
[Date "2012.05.21"]
[Round "4.29"]
[White "Kuhn, Luis"]
[Black "Gräbner, Walter"]
[Result "1-0"]
[WhiteElo "1811"]
[BlackElo "1935"]
[PlyCount "39"]
[EventDate "2012.??.??"]
[WhiteTeam "SV 1929 Raunheim"]
[BlackTeam "SC 1961 König Nied"]

1. e4 c6 2. d4 d5 3. Nc3 dxe4 4. Nxe4 Nd7 5. Nf3 Ngf6 6. Ng3 e6 7. Bd3 Bd6 8.
Qe2 O-O 9. Bd2 Qc7 10. O-O-O c5 11. Bc3 Nd5 12. Bd2 Nf4 13. Bxf4 Bxf4+ 14. Kb1
Nf6 15. dxc5 Bxg3 16. hxg3 Bd7 17. Bxh7+ Nxh7 18. Qe4 f5 19. Qh4 Nf6 20. Ng5
1-0

[Event "Frankfurt Ch 2012"]
[Site "Ffm-Kalbach, LAZ"]
[Date "2012.05.21"]
[Round "4.30"]
[White "Zimmer, Gerald"]
[Black "Rolf, Marco"]
[Result "1/2-1/2"]
[WhiteElo "1888"]
[BlackElo "1737"]
[PlyCount "36"]
[EventDate "2012.??.??"]
[WhiteTeam "SC Bergen-Enkheim 1922"]
[BlackTeam "SK Bad Homburg 1927"]

1. d4 e6 2. c4 d5 3. Nc3 c5 4. cxd5 exd5 5. Nf3 Nf6 6. dxc5 Bxc5 7. e3 O-O 8.
a3 a5 9. Be2 Nc6 10. O-O Re8 11. Re1 d4 12. exd4 Nxd4 13. Nxd4 Bxd4 14. Bf3 Bg4
15. Rxe8+ Qxe8 16. Bd2 Qd7 17. h3 Bf5 18. Be1 Ra6 1/2-1/2

[Event "Frankfurt Ch 2012"]
[Site "Ffm-Kalbach, LAZ"]
[Date "2012.05.21"]
[Round "4.31"]
[White "Nagel, Norbert"]
[Black "Fußnecker, Manfred"]
[Result "1/2-1/2"]
[WhiteElo "1779"]
[BlackElo "1876"]
[PlyCount "120"]
[EventDate "2012.??.??"]
[WhiteTeam "SC Bad Nauheim"]
[BlackTeam "Sfr. Frankfurt 1921"]

1. Nf3 g6 2. c4 Bg7 3. Nc3 Nf6 4. g3 O-O 5. Bg2 c5 6. O-O Nc6 7. Rb1 d5 8. cxd5
Nxd5 9. Qb3 Nxc3 10. bxc3 Be6 11. Qc2 Bd5 12. d3 Qd7 13. e4 Be6 14. Ng5 b6 15.
Nxe6 Qxe6 16. f4 Rad8 17. Be3 Rd7 18. Rbd1 Rfd8 19. Rd2 Qd6 20. Rfd1 e5 21. Bh3
Re7 22. f5 gxf5 23. Bxf5 Bh6 24. Re2 Bxe3+ 25. Rxe3 c4 26. Qe2 Qh6 27. Rf3 Qd6
28. g4 f6 29. Kf1 Rg7 30. Ke1 Na5 31. dxc4 Qxd1+ 32. Qxd1 Rxd1+ 33. Kxd1 Rc7
34. Be6+ Kg7 35. Kc2 Nxc4 36. Bxc4 Rxc4 37. Kd3 Ra4 38. Rf2 b5 39. h4 Ra3 40.
g5 fxg5 41. hxg5 b4 42. Kc4 Rxc3+ 43. Kxb4 Re3 44. a4 Rxe4+ 45. Kb5 Kg6 46. a5
Kxg5 47. Rf7 h5 48. Rxa7 h4 49. Rh7 Re2 50. a6 Ra2 51. a7 h3 52. Kc4 Kf4 53.
Rf7+ Ke3 54. Rh7 h2 55. Rxh2 Rxa7 56. Rh3+ Kf4 57. Rh4+ Kg5 58. Re4 Kf5 59. Re1
Ra4+ 60. Kd3 Rd4+ 1/2-1/2

[Event "Frankfurt Ch 2012"]
[Site "Ffm-Kalbach, LAZ"]
[Date "2012.05.21"]
[Round "4.32"]
[White "Kolker, Vladislav"]
[Black "Larem, Peter"]
[Result "1/2-1/2"]
[WhiteElo "1870"]
[BlackElo "1726"]
[PlyCount "35"]
[EventDate "2012.??.??"]
[WhiteTeam "Sfr.1891 Friedberg"]
[BlackTeam "SSg Rödermark/Eppertshausen"]

1. e4 e5 2. Bc4 Nf6 3. d3 Nc6 4. Nf3 d6 5. c3 Be7 6. O-O O-O 7. Bb3 Bg4 8. h3
Bd7 9. Nh2 Na5 10. Bc2 d5 11. exd5 Nxd5 12. Re1 Nc6 13. Nf3 Bf6 14. Nbd2 Re8
15. Nc4 b5 16. Ne3 Nxe3 17. Bxe3 Be6 18. a4 1/2-1/2

[Event "Frankfurt Ch 2012"]
[Site "Ffm-Kalbach, LAZ"]
[Date "2012.05.21"]
[Round "4.33"]
[White "Liebske, Reiner"]
[Black "Thomele, Michael"]
[Result "0-1"]
[WhiteElo "1672"]
[BlackElo "1868"]
[PlyCount "94"]
[EventDate "2012.??.??"]
[WhiteTeam "SV Frankfurt Nord 1926"]
[BlackTeam "SC 1959 Obernau"]

1. e4 c5 2. Nf3 d6 3. d4 cxd4 4. Nxd4 Nf6 5. Nc3 a6 6. a4 g6 7. Bc4 Bg7 8. Be3
Nbd7 9. O-O O-O 10. Qd2 Ng4 11. Bg5 h6 12. Bh4 Kh7 13. Nd5 Ngf6 14. Rae1 Nc5
15. Nxf6+ exf6 16. b3 Qc7 17. Bg3 Nxa4 18. Qb4 Nc5 19. Bd5 Rd8 20. Qc4 Qd7 21.
Rd1 b5 22. Qb4 Bb7 23. Ne2 a5 24. Qd4 f5 25. e5 Qc8 26. Bxb7 Nxb7 27. Qd5 dxe5
28. Qxf7 f4 29. Bxf4 exf4 30. Nxf4 Qf5 31. Qxb7 Qxf4 32. Rxd8 Rxd8 33. Qxb5 Qb4
34. Qc6 Qc3 35. Qe4 Rc8 36. Rc1 Rc7 37. h4 h5 38. g4 Qd4 39. Qxd4 Bxd4 40. c4
hxg4 41. Kg2 Rf7 42. Rc2 Rb7 43. Rd2 Bf6 44. Rd5 Rxb3 45. Rxa5 Bxh4 46. Ra7+
Kh6 47. Rf7 Rc3 0-1

[Event "Frankfurt Ch 2012"]
[Site "Ffm-Kalbach, LAZ"]
[Date "2012.05.21"]
[Round "4.34"]
[White "Willems, Matthias"]
[Black "Rauscher, Joachim"]
[Result "1-0"]
[WhiteElo "1862"]
[BlackElo "1689"]
[PlyCount "123"]
[EventDate "2012.??.??"]
[WhiteTeam "SC Bad Nauheim"]
[BlackTeam "SC Brett vor'm Kopp Ffm"]

1. f4 d5 2. Nf3 Nf6 3. g3 e6 4. Bg2 Bd6 5. d3 c6 6. Nc3 O-O 7. O-O b6 8. e4
dxe4 9. Ne5 Bxe5 10. fxe5 Qd4+ 11. Kh1 Qxe5 12. dxe4 Bb7 13. Bf4 Qa5 14. Bd6
Rc8 15. e5 Ne8 16. Ne4 Na6 17. Qf3 Nxd6 18. Nxd6 Rc7 19. Qf4 Nb4 20. Be4 Rf8
21. a3 Nd5 22. Qh4 h6 23. b4 Qa6 24. Bd3 b5 25. Qe4 g6 26. Qh4 Ne3 27. Bxg6 c5+
28. Nxb7 Qxb7+ 29. Be4 Qb6 30. Qxh6 f5 31. Qxe3 fxe4 32. Rxf8+ Kxf8 33. Rf1+
Rf7 34. Rxf7+ Kxf7 35. Qxc5 Qb7 36. Kg1 Qa6 37. Qe3 Qc6 38. Qxa7+ Kg6 39. Qc5
Qd7 40. Qf2 Qd1+ 41. Kg2 Qd5 42. Qf6+ Kh7 43. Qe7+ Kg8 44. Qd6 Qc4 45. Qd2 Kf7
46. Qf2+ Ke8 47. Qd2 Kf7 48. Kf2 Qc6 49. Ke3 Qc4 50. Qd7+ Kf8 51. Qd4 Qa2 52.
Qxe4 Qxa3+ 53. Kf4 Qc1+ 54. Kg4 Qa1 55. Kg5 Qa7 56. Qf4+ Kg8 57. Qg4 Kf8 58.
Qxe6 Qe3+ 59. Kh4 Qe4+ 60. g4 Qh7+ 61. Kg5 Qxc2 62. Qf5+ 1-0

[Event "Frankfurt Ch 2012"]
[Site "Ffm-Kalbach, LAZ"]
[Date "2012.05.21"]
[Round "4.35"]
[White "Ottenburg, Ralph"]
[Black "Koch, Thomas"]
[Result "1/2-1/2"]
[WhiteElo "1858"]
[BlackElo "1669"]
[PlyCount "30"]
[EventDate "2012.??.??"]
[WhiteTeam "Sfr. Frankfurt 1921"]
[BlackTeam "SV 1934 Ffm-Griesheim"]

1. d4 f5 2. g3 Nf6 3. Bg2 g6 4. Nf3 Bg7 5. O-O O-O 6. b3 d6 7. Bb2 Qe8 8. c4 c6
9. Qc2 Ne4 10. Nc3 Nxc3 11. Bxc3 Nd7 12. e4 Nf6 13. e5 Ne4 14. exd6 exd6 15.
Rae1 Qf7 1/2-1/2

[Event "Frankfurt Ch 2012"]
[Site "Ffm-Kalbach, LAZ"]
[Date "2012.05.21"]
[Round "4.36"]
[White "Bittner, Peter"]
[Black "Krüger, Till"]
[Result "1/2-1/2"]
[WhiteElo "1682"]
[BlackElo "1857"]
[PlyCount "147"]
[EventDate "2012.??.??"]
[WhiteTeam "SC 1961 König Nied"]
[BlackTeam "SC Nidderau"]

1. e4 g6 2. d4 Bg7 3. f4 c5 4. d5 d6 5. c3 Nf6 6. Bd3 a6 7. a4 O-O 8. Nf3 e6 9.
dxe6 Bxe6 10. O-O Nc6 11. h3 Na5 12. f5 Bb3 13. Bc2 Qb6 14. Nbd2 c4+ 15. Kh2
Rfe8 16. fxg6 hxg6 17. Bxb3 cxb3 18. Nd4 Nh5 19. N4f3 Nf4 20. g3 Nd3 21. Nc4
Nxc4 22. Qxd3 Qc5 23. Nd2 Ne5 24. Qe2 d5 25. Nxb3 Qb6 26. Nd4 dxe4 27. Qxe4
Rad8 28. Qg2 Nd3 29. Qf3 Ne5 30. Qg2 Nc4 31. Qf3 Rd7 32. Qf2 Bxd4 33. cxd4 Qxd4
34. Qxd4 Rxd4 35. b3 Re2+ 36. Kg1 Nd2 37. Bxd2 Rdxd2 38. Rf3 Rg2+ 39. Kf1 Rh2
40. Kg1 Rxh3 41. Raf1 Rhh2 42. Rc1 Rhg2+ 43. Kf1 Rc2 44. Rd1 Rgd2 45. Re1 Kg7
46. Kg1 Rc7 47. Rb1 Rcd7 48. Re3 R7d3 49. Rxd3 Rxd3 50. Kg2 f5 51. a5 Kf6 52.
b4 Rd5 53. Kf3 g5 54. Rb3 Rb5 55. Ke3 Ke5 56. Kd3 Kd5 57. Rb1 b6 58. axb6 Rxb6
59. Rf1 Rf6 60. Rb1 f4 61. gxf4 gxf4 62. b5 Rb6 63. Rf1 Ke5 64. bxa6 Rxa6 65.
Re1+ Kf5 66. Ke2 Ra2+ 67. Kf3 Ra3+ 68. Kf2 Rb3 69. Re8 Rb2+ 70. Kf3 Rb3+ 71.
Kf2 Rh3 72. Rf8+ Ke4 73. Re8+ Kd5 74. Rf8 1/2-1/2

[Event "Frankfurt Ch 2012"]
[Site "Ffm-Kalbach, LAZ"]
[Date "2012.05.21"]
[Round "4.38"]
[White "Riha, Peter"]
[Black "Aßmann, Hendrik"]
[Result "0-1"]
[WhiteElo "1592"]
[BlackElo "1850"]
[PlyCount "62"]
[EventDate "2012.??.??"]
[WhiteTeam "SC Bergen-Enkheim 1922"]
[BlackTeam "Sfr.Erbach"]

1. d4 d5 2. c4 e6 3. Nc3 Nf6 4. cxd5 exd5 5. Bg5 Be7 6. e3 O-O 7. Bd3 c6 8.
Nge2 Ne4 9. Bxe7 Qxe7 10. f3 Nxc3 11. bxc3 Qxe3 12. Qd2 Qxd2+ 13. Kxd2 b6 14.
Rhe1 Ba6 15. Nf4 Bxd3 16. Nxd3 Nd7 17. Re7 Rfd8 18. Rae1 Kf8 19. Nb4 Rac8 20.
a3 a5 21. Nd3 c5 22. Nf4 cxd4 23. cxd4 Rc4 24. Kd3 Ra4 25. Nxd5 Rxa3+ 26. Kc4
Ra4+ 27. Kb5 Rxd4 28. Nxb6 Rb4+ 29. Kxa5 Nxb6 30. Rb7 Rb2 31. Rxb6 Ra8+ 0-1

[Event "Frankfurt Ch 2012"]
[Site "Ffm-Kalbach, LAZ"]
[Date "2012.05.21"]
[Round "4.39"]
[White "Cipca, Adrian"]
[Black "Achelrod, Alexander"]
[Result "1/2-1/2"]
[WhiteElo "1663"]
[BlackElo "1846"]
[PlyCount "92"]
[EventDate "2012.??.??"]
[WhiteTeam "SK Bad Homburg 1927"]
[BlackTeam "Sfr. Heusenstamm"]

1. e4 c5 2. Nf3 a6 3. d4 cxd4 4. Nxd4 Nf6 5. Nc3 e5 6. Nb3 Bb4 7. Bg5 Bxc3+ 8.
bxc3 d6 9. Bd3 h6 10. Bd2 Qc7 11. O-O Be6 12. Qf3 Nbd7 13. a4 O-O 14. Qg3 Kh8
15. Kh1 Bxb3 16. cxb3 Nc5 17. Bc2 Ncxe4 18. Qe3 Nxd2 19. Qxd2 Rac8 20. c4 Qc5
21. Rad1 Rfe8 22. Bf5 Rcd8 23. g3 d5 24. cxd5 Rxd5 25. Qb2 Rd4 26. Rc1 Qd6 27.
Rc2 Rd8 28. Bh3 Rd1 29. Kg1 b5 30. axb5 axb5 31. Rxd1 Qxd1+ 32. Bf1 b4 33. Rc4
Qe1 34. Qe2 Qxe2 35. Bxe2 Rd4 36. Rxd4 exd4 37. Bc4 Ne4 38. Bxf7 g5 39. f3 Nc5
40. Kf2 Kg7 41. Bc4 Kf6 42. f4 g4 43. Ke2 Kf5 44. Bd3+ Kf6 45. Bc4 Kf5 46. Bd5
Kf6 1/2-1/2

[Event "Frankfurt Ch 2012"]
[Site "Ffm-Kalbach, LAZ"]
[Date "2012.05.21"]
[Round "4.41"]
[White "Bagatsch, Thomas"]
[Black "Reichel, Rolf"]
[Result "1-0"]
[WhiteElo "1984"]
[BlackElo "1619"]
[PlyCount "59"]
[EventDate "2012.??.??"]
[WhiteTeam "SC Brett vor'm Kopp Ffm"]
[BlackTeam "Sfr. Frankfurt 1921"]

1. e4 c5 2. Nf3 Nc6 3. Bb5 a6 4. Bxc6 bxc6 5. d4 cxd4 6. Qxd4 d6 7. O-O e5 8.
Qa4 Bd7 9. c4 c5 10. Qc2 Ne7 11. Nc3 Nc6 12. Nd5 Nd4 13. Nxd4 cxd4 14. Qd3 Be6
15. f4 Bxd5 16. exd5 Be7 17. fxe5 dxe5 18. Qf5 f6 19. Qh5+ g6 20. Qh6 Qc7 21.
b4 Qxc4 22. Qg7 Kd7 23. Qf7 Raf8 24. Qe6+ Kd8 25. Bh6 Qxb4 26. Rfc1 Bc5 27.
Rab1 d3+ 28. Kh1 Re8 29. Rxb4 Rxe6 30. Rb8+ 1-0

[Event "Frankfurt Ch 2012"]
[Site "Ffm-Kalbach, LAZ"]
[Date "2012.05.21"]
[Round "4.42"]
[White "Seickel, Ralf"]
[Black "Muthig, Holger"]
[Result "1-0"]
[WhiteElo "1928"]
[BlackElo "1599"]
[PlyCount "43"]
[EventDate "2012.??.??"]
[WhiteTeam "vereinslos"]
[BlackTeam "Sfr. Frankfurt 1921"]

1. c4 c5 2. g3 Nf6 3. Bg2 Nc6 4. Nf3 g6 5. d4 cxd4 6. Nxd4 Bg7 7. O-O O-O 8.
Nc3 e5 9. Ndb5 a6 10. Nd6 Ne8 11. c5 Nxd6 12. cxd6 Qf6 13. f4 Re8 14. Bd5 Qd8
15. f5 g5 16. Be3 Nb4 17. Bxf7+ Kxf7 18. Qb3+ Kf8 19. f6 Bh8 20. Bxg5 Qb6+ 21.
e3 Qxd6 22. Bh6+ 1-0

[Event "Frankfurt Ch 2012"]
[Site "Ffm-Kalbach, LAZ"]
[Date "2012.05.21"]
[Round "4.43"]
[White "Kraus, Roman"]
[Black "Stock, Jürgen"]
[Result "0-1"]
[WhiteElo "1647"]
[BlackElo "1881"]
[PlyCount "81"]
[EventDate "2012.??.??"]
[WhiteTeam "SV Bergwinkel"]
[BlackTeam "SC Eschborn 1974"]

1. d4 e6 2. c4 f5 3. Nc3 d5 4. Nf3 c6 5. Bf4 Nf6 6. e3 Bd6 7. Be5 O-O 8. Qb3
Ne4 9. cxd5 exd5 10. Bd3 Kh8 11. h4 Bxe5 12. Nxe5 Nd7 13. f4 Ndf6 14. Nxe4 fxe4
15. Be2 Qa5+ 16. Qc3 Qc7 17. g4 Be6 18. h5 Kg8 19. g5 Ne8 20. h6 g6 21. Kd2 Nd6
22. Bg4 Bxg4 23. Nxg4 Nb5 24. Qb3 Qa5+ 25. Kd1 Rad8 26. Rf1 Qc7 27. Rc1 Rf7 28.
a4 Nd6 29. Nf6+ Kh8 30. Nxd5 Qd7 31. Nf6 Qh3 32. Kc2 b5 33. axb5 Rb7 34. Rf2
Rxb5 35. Qc3 Rdb8 36. Kb1 Rb3 37. Qxc6 Qxe3 38. Rfc2 Qd3 39. Ka2 Qxd4 40. Rc3
Rxb2+ 41. Ka3 0-1

[Event "Frankfurt Ch 2012"]
[Site "Ffm-Kalbach, LAZ"]
[Date "2012.05.21"]
[Round "4.44"]
[White "Midanka, Vladimir"]
[Black "Gutacker, Stephan"]
[Result "0-1"]
[WhiteElo "1619"]
[BlackElo "1806"]
[PlyCount "70"]
[EventDate "2012.??.??"]
[WhiteTeam "vereinslos"]
[BlackTeam "Sfr.1932 Kelkheim"]

1. Nf3 Nf6 2. d4 e6 3. Bg5 b6 4. e4 Be7 5. Bd3 Bb7 6. Nbd2 d6 7. O-O Nbd7 8.
Re1 e5 9. dxe5 Nxe5 10. Nxe5 dxe5 11. Nf3 Nd7 12. Bxe7 Qxe7 13. Nd2 O-O 14. Qh5
Nf6 15. Qh4 Qb4 16. Nb3 Rad8 17. a3 Qa4 18. Re3 c5 19. Nd2 Qc6 20. Rae1 b5 21.
Nf3 Rfe8 22. Bf1 a6 23. c4 Rd6 24. Ng5 h6 25. Rh3 Bc8 26. Rg3 hxg5 27. Qxg5 g6
28. f3 Kg7 29. Rc1 Nh7 30. Qe3 Rd4 31. h4 Red8 32. h5 Rd1 33. Rc2 Be6 34. cxb5
Qxb5 35. h6+ Kg8 0-1

[Event "Frankfurt Ch 2012"]
[Site "Ffm-Kalbach, LAZ"]
[Date "2012.05.21"]
[Round "4.45"]
[White "Zerhusen, Martin"]
[Black "Schellen, Sven"]
[Result "0-1"]
[WhiteElo "1610"]
[BlackElo "1770"]
[PlyCount "150"]
[EventDate "2012.??.??"]
[WhiteTeam "SV Oberursel"]
[BlackTeam "Sfr. Frankfurt 1921"]

1. d4 Nf6 2. c4 g6 3. Nc3 Bg7 4. Nf3 O-O 5. Bg5 Na6 6. e3 c5 7. Be2 d6 8. O-O
h6 9. Bh4 Bf5 10. Bd3 Bxd3 11. Qxd3 Qd7 12. d5 Nc7 13. Rfe1 a6 14. Rab1 b5 15.
b3 Nh5 16. Qc2 f5 17. Ne2 e5 18. dxe6 Qxe6 19. Rbd1 g5 20. Bg3 Ne8 21. Rd5 bxc4
22. bxc4 Rb8 23. Qa4 Nxg3 24. Nxg3 Nc7 25. Rdd1 Rb4 26. Qc6 Ne8 27. e4 f4 28.
Nf5 Bc3 29. Rf1 Rf6 30. Rc1 Bb2 31. Rc2 Ng7 32. Nxg7 Kxg7 33. Nd2 g4 34. Rb1
Qe5 35. Qd5 a5 36. Rcxb2 Rxb2 37. Rxb2 Qxb2 38. Nf1 Qd4 39. Qb7+ Kg6 40. Qd7 h5
41. Qe8+ Kg7 42. Qe7+ Kh6 43. Qe8 Rg6 44. Qf8+ Kg5 45. Qf5+ Kh6 46. Qxf4+ Kg7
47. Ng3 Qd1+ 48. Nf1 h4 49. Qf5 h3 50. Qd7+ Kh6 51. Qe7 Qc1 52. Qh4+ Kg7 53.
Qe7+ Kh8 54. Qf8+ Rg8 55. Qf6+ Kh7 56. Qf5+ Rg6 57. Qf7+ Kh6 58. Qf8+ Kh5 59.
Qh8+ Qh6 60. Ng3+ Kg5 61. Qd8+ Kf4 62. Qxa5 Ke5 63. Qc3+ Ke6 64. Qd3 Kd7 65.
Qd5 Qc1+ 66. Nf1 Qg5 67. Qf7+ Kc6 68. Qe8+ Kb6 69. Qb5+ Kc7 70. Ne3 Rg7 71.
Nd5+ Kd8 72. Qb6+ Ke8 73. Qc6+ Kf7 74. Qd7+ Kg8 75. Ne3 Rxd7 0-1

[Event "Frankfurt Ch 2012"]
[Site "Ffm-Kalbach, LAZ"]
[Date "2012.05.21"]
[Round "4.46"]
[White "Balzereit, Georg"]
[Black "Kraus, Eduard"]
[Result "0-1"]
[WhiteElo "1607"]
[BlackElo "1764"]
[PlyCount "126"]
[EventDate "2012.??.??"]
[WhiteTeam "vereinslos"]
[BlackTeam "SV Bergwinkel"]

1. e4 c6 2. d4 d5 3. Nc3 dxe4 4. Nxe4 Nd7 5. Nf3 Ngf6 6. Nxf6+ Nxf6 7. Bc4 e6
8. Bg5 Be7 9. Qe2 O-O 10. O-O-O Qc7 11. h4 Rd8 12. Bxf6 Bxf6 13. Qe4 b6 14. Bd3
g6 15. h5 Bb7 16. hxg6 hxg6 17. Ne5 c5 18. Qe2 Rxd4 19. c3 Rdd8 20. f4 Kg7 21.
Rhg1 Rd5 22. Rde1 Rh8 23. g4 Bxe5 24. fxe5 Qd8 25. Bc4 Qg5+ 26. Kb1 Rd2 27. Qf1
Rhh2 28. Re2 Rdxe2 29. Bxe2 Qxe5 30. Bd3 Be4 31. Ka1 Bxd3 32. Qxd3 Qe2 33. Qb1
Kf6 34. Qc1 Qd2 35. Qf1+ Ke7 36. Qb5 Re2 37. Rb1 Re1 38. a4 Rxb1+ 39. Kxb1 Qd1+
40. Ka2 Qxg4 41. Qa6 Kf6 42. Qxa7 Qd1 43. Qxb6 Qxa4+ 44. Kb1 Qd1+ 45. Ka2 Qd5+
46. Ka1 g5 47. Qb8 c4 48. Qh8+ Ke7 49. Qc8 g4 50. Qc7+ Kf6 51. Qf4+ Qf5 52.
Qxc4 Kg5 53. Qd4 g3 54. Qg7+ Kf4 55. Qd4+ Kf3 56. Qd1+ Kg2 57. Qe2+ Kh3 58. Qe3
Kg2 59. Qe2+ Qf2 60. Qe4+ Kg1 61. Qh7 Qf5 62. Qh4 g2 63. Qc4 Qf1+ 0-1

[Event "Frankfurt Ch 2012"]
[Site "Ffm-Kalbach, LAZ"]
[Date "2012.05.21"]
[Round "4.47"]
[White "Schneider, Marco"]
[Black "Kletzerman, Simon"]
[Result "1-0"]
[WhiteElo "1750"]
[BlackElo "1546"]
[PlyCount "91"]
[EventDate "2012.??.??"]
[WhiteTeam "SC Nidderau"]
[BlackTeam "SAbt TuS Makkabi Ffm"]

1. e4 e5 2. Nf3 Nf6 3. Bc4 Bd6 4. O-O O-O 5. d4 c6 6. dxe5 Bxe5 7. Nxe5 Nxe4 8.
Nd2 Nf6 9. Re1 d6 10. Nef3 d5 11. Bb3 Bg4 12. h3 Bc8 13. Nf1 Ne4 14. c4 Nc5 15.
cxd5 Nxb3 16. Qxb3 cxd5 17. Bg5 f6 18. Bf4 b6 19. Rad1 Bb7 20. Ne3 Kh8 21. Nxd5
Nd7 22. Nc7 Qc8 23. Nxa8 Nc5 24. Nxb6 axb6 25. Qxb6 Bxf3 26. gxf3 Nd7 27. Qe6
Ne5 28. Qxc8 Nxf3+ 29. Kf1 Rxc8 30. Re7 Nh4 31. Red7 Kg8 32. Rd8+ Rxd8 33.
Rxd8+ Kf7 34. Rd7+ Kg6 35. a4 Kf5 36. Bg3 Nf3 37. a5 Ke6 38. Rxg7 Nd2+ 39. Ke2
Nc4 40. a6 Nb6 41. a7 Kd5 42. Rb7 Na8 43. Rb8 Kc6 44. Bf4 h5 45. h4 f5 46. f3
1-0

[Event "Frankfurt Ch 2012"]
[Site "Ffm-Kalbach, LAZ"]
[Date "2012.05.21"]
[Round "4.48"]
[White "Storch, Dominik"]
[Black "Weber, Axel"]
[Result "1-0"]
[WhiteElo "1730"]
[BlackElo "1490"]
[PlyCount "59"]
[EventDate "2012.??.??"]
[WhiteTeam "Sabt Frankfurter TV 1860"]
[BlackTeam "Sfr. Frankfurt 1921"]

1. f4 d5 2. Nf3 Nf6 3. b3 e6 4. Bb2 Be7 5. e3 c5 6. Bb5+ Bd7 7. Bxd7+ Nbxd7 8.
O-O O-O 9. Qe1 Ne4 10. d3 Bf6 11. Ne5 Nd6 12. Nd2 Bxe5 13. fxe5 Nf5 14. e4 Ne7
15. Qg3 d4 16. Nc4 Ng6 17. Bc1 Qb8 18. Bf4 Qc7 19. Rf3 b5 20. Nd6 Qa5 21. h4 f5
22. exf5 exf5 23. h5 Nxf4 24. Qxf4 a6 25. Rg3 Qc7 26. Re1 Nb6 27. Qg5 f4 28.
Rg4 f3 29. gxf3 Rxf3 30. e6 1-0

[Event "Frankfurt Ch 2012"]
[Site "Ffm-Kalbach, LAZ"]
[Date "2012.05.21"]
[Round "4.49"]
[White "Weber, Andreas"]
[Black "Reuter, Klaus"]
[Result "1-0"]
[WhiteElo "1723"]
[BlackElo "1402"]
[PlyCount "41"]
[EventDate "2012.??.??"]
[WhiteTeam "SC Flörsheim 1921"]
[BlackTeam "SV Griesheim(DA)"]

1. d4 d5 2. Nf3 Nf6 3. g3 e6 4. Bg2 c5 5. O-O Qb6 6. c3 Nc6 7. dxc5 Bxc5 8. e3
Bd7 9. b4 Be7 10. a4 a5 11. b5 Nd8 12. Ba3 Bxa3 13. Nxa3 O-O 14. Rc1 Qd6 15.
Nc4 Qc7 16. Nce5 Be8 17. c4 Qb8 18. c5 g5 19. Qd4 g4 20. Nxg4 Ne4 21. Nh6# 1-0

[Event "Frankfurt Ch 2012"]
[Site "Ffm-Kalbach, LAZ"]
[Date "2012.05.21"]
[Round "4.50"]
[White "Steiz, Johann"]
[Black "Budde, Michael"]
[Result "1/2-1/2"]
[WhiteElo "1598"]
[BlackElo "1720"]
[PlyCount "138"]
[EventDate "2012.??.??"]
[WhiteTeam "ESV Grossenbaum e.V. 1973"]
[BlackTeam "SC 1979 Hattersheim"]

1. e4 Nf6 2. e5 Nd5 3. d4 d6 4. Bc4 Nb6 5. Bb3 Nc6 6. Nf3 Bg4 7. Bxf7+ Kd7 8.
e6+ Kc8 9. Nbd2 Nxd4 10. h3 Bxe6 11. Bxe6+ Nxe6 12. O-O g5 13. Re1 Qd7 14. Qe2
Nf4 15. Qe3 Nbd5 16. Qd4 Rg8 17. Kh2 g4 18. Ng1 Bg7 19. Qe4 Be5 20. Nc4 gxh3
21. g3 Ng2 22. Nxe5 dxe5 23. Rd1 Nf6 24. Qe2 Ng4+ 25. Kxh3 Qxd1 26. Kxg2 Qxe2
27. Nxe2 Kd7 28. f3 Nf6 29. Be3 Rad8 30. Nc3 a6 31. Re1 Kc6 32. Bc1 Nh5 33. g4
Nf4+ 34. Kg3 h5 35. Rxe5 Nd5 36. Nxd5 Rxd5 37. Rxe7 hxg4 38. fxg4 Rd1 39. Bf4
Rg1+ 40. Kf3 R1xg4 41. Rxc7+ Kb6 42. Rc4 Kb5 43. b3 a5 44. a4+ Ka6 45. c3 Rg2
46. b4 axb4 47. cxb4 Ra2 48. b5+ Ka7 49. Be3+ Kb8 50. b6 Ra3 51. Re4 Rf8+ 52.
Ke2 Kc8 53. Rc4+ Kb8 54. Bf4+ Ka8 55. Kd2 Rf3 56. Bc7 Rf2+ 57. Kc3 R2f3+ 58.
Kb4 Rf1 59. Kc5 R1f5+ 60. Kd6 R5f6+ 61. Kd5 Rf5+ 62. Ke4 Rh5 63. Be5 Rh4+ 64.
Kd5 Rd8+ 65. Kc5 Rh5 66. Re4 Re8 67. Kd6 Rh6+ 68. Kc5 Rhe6 69. Kd5 Rxb6 1/2-1/2